000
00354nam a2200133Ia 4500
008
100328s9999 xx 000 0 und d
082
_b
72429
100
_a
मांजरेकर गीता
245
_a
सापशिडी
260
_b
डिंपल.
630
_a
सापशिडी
730
_a
सापशिडी
942
_c
BOOK
999
_c
558150
_d
558147